| 000 | 01653nab a22002537a 4500 | ||
|---|---|---|---|
| 999 |
_c6326 _d6326 |
||
| 003 | OSt | ||
| 005 | 20260130203711.0 | ||
| 008 | 190603e xxum|||| |||| 00| 0 spa d | ||
| 040 | _cPJ | ||
| 100 |
_96998 _aGarcía, Carlos Adolfo |
||
| 245 | 1 | 0 |
_aBreves consideraciones acerca de la figura del organizador de espectáculo deportivo en el derecho argentino y disposiciones en el ámbito federativo / _cCarlos Adolfo García. |
| 260 |
_cCiudad Autónoma de Buenos Aires : _aThomson Reuters La Ley, _b2025. |
||
| 300 | _ap. 11-19 | ||
| 500 | _aCita: TR LALEY AR/DOC/2276/2025 Publicado en: RCCyC 2025 (Octubre). | ||
| 505 | _aSumario: I. Palabras iniciales.— II. La responsabilidad civil deportiva en el Cód. Civ. y Com.— III. El término "organizador" en los eventos y/o espectáculos deportivos en el marco del ordenamiento jurídico argentino.— IV. La responsabilidad del organizador conforme a la ley nacional 24.192 con especial atención al rol de las asociaciones de clubes y ligas locales y/o regionales.— V. La responsabilidad de los clubes y las federaciones miembro en la organización de eventos deportivos en el ámbito del fútbol.— VI. Palabras finales. | ||
| 505 | _t¿Te interesa el texto completo? Solicitalo al correo: koha@justierradelfuego.gov.ar | ||
| 650 | 0 |
_91497 _aCODIGO CIVIL Y COMERCIAL |
|
| 650 | 0 |
_91467 _aRESPONSABILIDAD CIVIL |
|
| 650 | 0 |
_92823 _aDAÑOS Y PERJUICIOS |
|
| 650 | 0 |
_93725 _aDEPORTES |
|
| 650 | 0 | _aESPECTACULO DEPORTIVO | |
| 773 | 0 |
_02713 _93170 _dCiudad Autónoma de Buenos Aires : Thomson Reuters La Ley, 2015- _tRevista Código Civil y Comercial. Nº 5 - Octubre 2025 |
|
| 942 |
_2udc _cANA |
||